Continuidades y rupturas entre la actual teoría del desarrollo local y las "viejas" teorías del desarrollo latinoameticano /
Se coloca el concepto de desarrollo local dentro de la tradición sociológica más amplia en la que se gesta y se analizan los puntos de encuentro y de bifurcación con respecto a sus orígenes teóricos. Se destaca la diversidad de enfoques del desarrollo, se exponen cuatro dimensiones de análisis para...
Salvato in:
| Autore principale: | |
|---|---|
| Natura: | testo |
| Soggetti: | |
| Tags: |
Aggiungi Tag
Nessun Tag, puoi essere il primo ad aggiungerne!!
|
MARC
| LEADER | 00000 a a2200000 04500 | ||
|---|---|---|---|
| 001 | 13738 | ||
| 003 | |||
| 040 | |||
| 100 | |a Molina Torres, Eugenia | ||
| 245 | |a Continuidades y rupturas entre la actual teoría del desarrollo local y las "viejas" teorías del desarrollo latinoameticano / |c Eugenia Molina Torres | ||
| 520 | |a Se coloca el concepto de desarrollo local dentro de la tradición sociológica más amplia en la que se gesta y se analizan los puntos de encuentro y de bifurcación con respecto a sus orígenes teóricos. Se destaca la diversidad de enfoques del desarrollo, se exponen cuatro dimensiones de análisis para compararlos y se sugieren algunos criterios para el avance de la investigación en el campo | ||
| 650 | |a DESARROLLO REGIONAL | ||
| 650 | |a DESARROLLO ECONOMICO | ||
| 650 | |a INVESTIGACION SOBRE EL DESARROLLO | ||
| 650 | |a TEORIA DEL DESARROLLO | ||
| 650 | |a CAMBIO SOCIAL | ||
| 650 | |a AMERICA LATINA | ||
| 773 | |g volumen 86, número 2; páginas 65-74 | ||
| 999 | |c 32212 |d 32212 | ||
